Comparison of Mechanical behavior of 7075-T6 Aluminum alloy and 7075-T73 aluminum alloy materials (Record no. 322862)
[ view plain ]
| 000 -LEADER | |
|---|---|
| fixed length control field | 00423 a2200133 4500 |
| 001 - CONTROL NUMBER | |
| control field | 87789 |
| 082 ## - DEWEY DECIMAL CLASSIFICATION NUMBER | |
| Classification number | PR 166 |
| 090 ## - LOCALLY ASSIGNED LC-TYPE CALL NUMBER (OCLC); LOCAL CALL NUMBER (RLIN) | |
| -- | 41249 |
| -- | 41249 |
| 100 ## - MAIN ENTRY--PERSONAL NAME | |
| Personal name | Naveed Ur Rehman, Plt Off 15511 70 EC |
| 245 ## - TITLE STATEMENT | |
| Title | Comparison of Mechanical behavior of 7075-T6 Aluminum alloy and 7075-T73 aluminum alloy materials |
| 260 ## - PUBLICATION, DISTRIBUTION, ETC. | |
| Place of publication, distribution, etc. | Risalpur |
| Name of publisher, distributor, etc. | NUST Risalpur |
| Date of publication, distribution, etc. | 2011 |
| 300 ## - PHYSICAL DESCRIPTION | |
| Extent | 59p. |
| Accompanying material | Shakeel Safdar, Wg Cdr |
| 500 ## - GENERAL NOTE | |
| General note | BE Project Reports |
| 942 ## - ADDED ENTRY ELEMENTS (KOHA) | |
| Institution code [OBSOLETE] | CAE NUST |
| Call number prefix | PR 166 |
| Withdrawn status | Lost status | Damaged status | Not for loan | Collection code | Permanent Location | Current Location | Date acquired | Total Checkouts | Full call number | Barcode | Date last seen | Price effective from | Koha item type |
|---|---|---|---|---|---|---|---|---|---|---|---|---|---|
| College of Aeronautical Engineering (CAE) | College of Aeronautical Engineering (CAE) | 04/03/2017 | PR 166 | CAEPR-166 | 04/05/2017 | 04/05/2017 | Book |
